00717nam a2200229 a 4500001000800000005001700008008004100025010001700066040001800083041000800101043001200109080002100121082002500142100000600167101000800173245008000181504003200261906004500293942001200338999001700350952012000367184480220180202044432.0810909s1981 kyuacf b 001 0 eng  a 81080559  aDLCcDLCdDLC aeng an-us-ky a630.71176947 SMI00a630.71176947 SMI2191 a9 aMJE14aThe College of Agriculture of the University of Kentucky :cJ. Allan Smith. aBibliography: p. [507]-514. a7bcbccorignewd2eopcnf19gy-gencatlg 2ddccBK c41613d41613 00102udc40708PËKGa002b002cPËKGd2018-02-02l0o630.71176947 SMIp002-2997463r2018-02-02w2018-02-02yBK